Computational methods of linear algebra

Saved in:
Bibliographic Details
Main Author: Faddeeva, V. N.
Other Authors: Benster, Curtis D. (Translator)
Format: Book
Language:English
Russian
Published: New York : Dover Publications ; 1959
Series:Dover books on mathematics
Subjects:
Tags: Add Tag
No Tags, Be the first to tag this record!

MARC

LEADER 00000cam a2200000 a 4500
001 1/106500
008 150525s1959####us | ||| |||| ||eng||
040 |a GR-MyUa  |b gre  |c GR-MyUa  |e AACR2 
041 1 |a eng  |h rus 
082 7 |a 512.5   |2 (23) 
100 1 |a Faddeeva, V. N. 
245 1 0 |a Computational methods of linear algebra /   |c by V. N. Faddeeva ; authorized translation from the Russian by Curtis D. Benster.  
260 |a New York :   |b Dover Publications ;   |c 1959  
300 |a x, 241 σ. :   |b πίν. ;   |c 21 εκ.  
490 1 |a (Dover books on mathematics) 
650 0 |a Algebras, Linear. 
700 1 |a Benster, Curtis D.  |e trl 
830 0 |a Dover books on mathematics 
852 |a INST  |b SAMOS  |c MAG  |e 20150525  |h 512.5 FAD  |p 005300034631  |q 005300034631  |t BK  |y 13 
970 |a Σιτζίμη   |b Γιασεμή   |z 2015/05/25